Score 0/10 Timer 01:30
2 Plays Today
% Correct
Dragon
86.1%
April
80.4%
23rd
74.9%
Soldier
67.9%
England
66.3%
Boris Yeltsin
63.8%
William Shakespeare
55.4%
Georgia
53.5%
Hawaii
44.7%
Max Planck
23.3%

Today's Daily Dose

Remove Ads.
Support Sporcle.
Get the best of Sporcle when you Go Orange. This ad-free experience offers more features, more stats, and more fun while also helping to support Sporcle. Thank you for becoming a member.

You're not logged in!

Compare scores with friends on all Sporcle quizzes.
OR
Log In

Show Comments

Extras

Top Quizzes Today


Score Distribution

Your Account Isn't Verified!

In order to create a playlist on Sporcle, you need to verify the email address you used during registration. Go to your Sporcle Settings to finish the process.

Report this User

Report this user for behavior that violates our Community Guidelines.

Details: